[Event "Nizhnij Tagil-ch"]
[Site "Nizhnij Tagil"]
[Date "2006.12.??"]
[Round "13"]
[White "Uteshin, Dmitry"]
[Black "Strupinsky, Vladimir"]
[Result "1-0"]
[WhiteElo "2109"]
[BlackElo "2303"]
[PlyCount "81"]
[EventDate "2006.12.07"]
[EventType "swiss"]
[EventRounds "13"]
[EventCountry "RUS"]
[SourceTitle "EXT 2008"]
[Source "ChessBase"]
[SourceDate "2007.11.25"]
[SourceVersion "1"]
[SourceVersionDate "2007.11.25"]
[SourceQuality "1"]

1. e4 e6 2. d3 c5 3. Nf3 Nc6 4. g3 g6 5. Bg2 Bg7 6. 0-0 Nge7 7. c4 0-0 8. Nc3 d6 9. Bg5 a6 10. Qd2 e5 11. Nd5 f6 12. Be3 Rb8 13. a3 Nd4 14. Rab1 Bg4 15. Bxd4 cxd4 16. Rfc1 Qd7 17. Nb6 Qc7 18. Nd5 Qd8 19. b4 Be6 20. Ne1 b6 21. a4 Nxd5 22. exd5 Bd7 23. a5 bxa5 24. c5 Bb5 25. c6 Rf7 26. bxa5 f5 27. Nc2 Re7 28. Na3 e4 29. dxe4 fxe4 30. Bxe4 Rc8 31. Nxb5 Rxe4 32. Qd3 Re8 33. Na7 Rc7 34. Qxa6 d3 35. Nb5 Rc8 36. c7 Qf6 37. Qxd6 d2 38. Rd1 Qf5 39. Qb4 Re2 40. Rf1 Qxd5 41. Nc3 1-0

[Event "Nizhnij Tagil-ch"]
[Site "Nizhnij Tagil"]
[Date "2006.12.??"]
[Round "9"]
[White "Yaschenko, Yury"]
[Black "Strupinsky, Vladimir"]
[Result "0-1"]
[WhiteElo "2079"]
[BlackElo "2303"]
[PlyCount "136"]
[EventDate "2006.12.07"]
[EventType "swiss"]
[EventRounds "13"]
[EventCountry "RUS"]
[SourceTitle "EXT 2008"]
[Source "ChessBase"]
[SourceDate "2007.11.25"]
[SourceVersion "1"]
[SourceVersionDate "2007.11.25"]
[SourceQuality "1"]

1. e4 c5 2. Nf3 d6 3. d4 cxd4 4. Qxd4 a6 5. c4 Nc6 6. Qc3 Nf6 7. Bd3 g6 8. Bd2 Bg7 9. h3 0-0 10. Qc1 Be6 11. Nc3 Nb4 12. Be2 Rc8 13. a3 Nc6 14. Rb1 Na5 15. b3 b5 16. Ng5 bxc4 17. Nxe6 fxe6 18. bxc4 Nxc4 19. 0-0 Nxd2 20. Qxd2 Qa5 21. Rfc1 Qxa3 22. Ra1 Qb4 23. Rab1 Qa5 24. Ra1 Qe5 25. Bxa6 Rxc3 26. Qxc3 Qxc3 27. Rxc3 Nxe4 28. Re3 Bxa1 29. Rxe4 e5 30. Bc4+ Kg7 31. f3 Bd4+ 32. Kh2 Rf4 33. Bd5 Rf8 34. Re2 Rb8 35. Rc2 g5 36. h4 Bc5 37. Rc4 h6 38. Kh3 Kf6 39. Ra4 e6 40. Bc6 Be3 41. hxg5+ hxg5 42. Ra3 Rh8+ 43. Kg3 Bc5 44. Ra6 Rd8 45. Be4 d5 46. Bc2 Rc8 47. Bb3 Rd8 48. Rc6 Be3 49. Ra6 Bd4 50. Rc6 Ke7 51. Rc7+ Kd6 52. Rg7 Be3 53. Rg6 Rc8 54. Ba4 Rc4 55. Be8 Ke7 56. Bb5 Rc3 57. Rg7+ Kd6 58. Rg6 d4 59. Rg8 Kc5 60. Bd7 d3 61. Rc8+ Kb4 62. Rb8+ Ka3 63. Bxe6 d2 64. Ra8+ Kb2 65. Rb8+ Kc1 66. Bf5 d1Q 67. Rb1+ Kd2 68. Rb2+ Ke1 0-1